Most Common Words in Official U.S. State Names - Statistics

General Stats
  • This quiz has been taken 140 times
  • The average score is 5 of 9
Answer Stats
# Word % Correct
46 State
75%
2 South
72%
2 North
71%
50 Of
65%
4 New
57%
4 Commonwealth
43%
2 Dakota
33%
2 Carolina
32%
2 Virginia
26%
No matching quizzes found
Score Distribution
Percent of People with Each Score
Percentile by Number Answered
Your Score History
You have not taken this quiz